| 000 | 00677nam a22001577a 4500 | ||
|---|---|---|---|
| 003 | OSt | ||
| 005 | 20150919152045.0 | ||
| 008 | 150919b xxu||||| |||| 00| 0 eng d | ||
| 040 | _cRUA | ||
| 082 | _aAGR HEN 2008 B036 OR.1 | ||
| 100 |
_9880 _aHENG, CHHAN. |
||
| 245 | _aEffect of seedling ages and hill spacing on growth and yield of phaka rumdoul rice variety ឥទ្ធិពលអាយុសំណាប និងចន្លោះគុម្ពលើការលូតសាស់និងទិន្នផលនៃដំណាំស្រូវផ្ការំដួល | ||
| 260 |
_aPhnom Penh _bRUA _c2008 |
||
| 300 |
_axi; 44p. _bill. _c29cm. |
||
| 942 |
_2ddc _cAGR |
||
| 999 |
_c848 _d848 |
||